| 000 | 00371nam a2200145Ia 4500 | ||
|---|---|---|---|
| 008 | 240624s9999 xx 000 0 und d | ||
| 041 | _aeng | ||
| 082 | _a302.35 COO | ||
| 100 | _aCOOPER CARY L | ||
| 245 | _aNEW DIRECTIONS IN ORGANIZATIONAL BEHAVIO | ||
| 260 |
_c2008 _aNew Delhi _bSage |
||
| 300 | _axxiv, 327 p.; 23 cm. , p. : cm. | ||
| 365 |
_cBPS _b38 |
||
| 440 | _v2 | ||
| 999 |
_c30997 _d30997 |
||